[Event "Wellington Club Championship - B Grade"]
[Site "Wellington Chess Club"]
[Date "2024.10.01"]
[Round "1.4"]
[White "Sethuramalingam, Karthik"]
[Black "Keith, Matthew"]
[Result "0-1"]
[WhiteElo "1871"]
[BlackElo "1830"]
[WhiteFideId "4320964"]
[BlackFideId "4320913"]
[EventDate "2024.09.26"]
[SourceDate ""]

1. d4 Nf6 2. c4 b6 3. Nc3 Bb7 4. Qc2 d5 5. cxd5 Nxd5 6. Nf3 e6 7. e4 Nxc3 8.
bxc3 Be7 9. Bd3 c5 10. O-O O-O 11. Bb2 cxd4 12. cxd4 Nc6 13. a3 Rc8 14. Qe2 Na5
15. Rad1 Bd6 16. d5 exd5 17. exd5 Qe7 18. Qd2 Nc4 19. Bxc4 Rxc4 20. Rfe1 Qc7
21. Qd3 h6 22. h3 Rd8 23. Nd2 Rc5 24. Qd4 f6 25. Qg4 Bc8 26. Qg6 Qf7 27. Qxf7+
Kxf7 28. Ne4 Rc2 29. Nxd6+ Rxd6 30. Ba1 Rc5 31. Rd2 Rcxd5 32. Rxd5 Rxd5 33. Rc1
Be6 34. Rc7+ Rd7 35. Rxd7+ Bxd7 36. Kf1 Ke6 37. Ke2 Kd5 38. Kd3 Bb5+ 39. Ke3
Kc4 40. Kf4 Bd7 41. g4 Kb3 42. h4 Kxa3 43. g5 fxg5+ 44. hxg5 hxg5+ 45. Kxg5 b5
46. Bxg7 b4 47. Bf8 Ka4 48. Bg7 a5 49. f4 b3 50. Bb2 Kb4 51. f5 a4 52. f6 Be6
53. Kg6 a3 54. Be5 b2 0-1

[Event "Wellington Club Championship - B Grade"]
[Site "Wellington Chess Club"]
[Date "2024.10.01"]
[Round "1.5"]
[White "Benitez, Edgar"]
[Black "Malcolm, Aidan"]
[Result "1-0"]
[WhiteElo "1862"]
[BlackElo "1859"]
[WhiteFideId "4301315"]
[BlackFideId "4315073"]
[EventDate "2024.09.26"]
[SourceDate ""]

1. d4 e6 2. c4 Bb4+ 3. Bd2 a5 4. Nc3 f5 5. g3 Nf6 6. Bg2 O-O 7. e3 Qe8 8. a3
Be7 9. Nge2 d6 10. O-O e5 11. Nb5 Bd8 12. dxe5 dxe5 13. Qc2 Qh5 14. Nbc3 Ra6
15. f4 e4 16. Nd4 Nc6 17. Ncb5 a4 18. Bb4 Nxb4 19. axb4 Ng4 20. h3 Nxe3 21. Qd2
Nxf1 22. Rxf1 Rg6 23. Qe3 c6 24. Nc3 Bf6 25. Rd1 Rd8 26. Rd2 Be7 27. c5 b6 28.
Nxa4 bxc5 29. bxc5 Ba6 30. b4 Rb8 31. Nb6 Rxb6 32. cxb6 c5 33. b7 Bxb7 34. bxc5
Bd5 35. Nb5 Bc6 36. Nd6 Bxd6 37. Qb3+ Kf8 38. cxd6 Bd7 39. Qb8+ Kf7 40. Qd8 e3
41. Qxd7+ Kf6 42. Qe7# 1-0

[Event "Wellington Club Championship - B Grade"]
[Site "Wellington Chess Club"]
[Date "2024.10.03"]
[Round "2.1"]
[White "Chang, Luke"]
[Black "Malcolm, Aidan"]
[Result "1-0"]
[WhiteElo "1930"]
[BlackElo "1859"]

1. e4 b6 2. c4 e6 3. g3 Bb7 4. Bg2 Nc6 5. Ne2 Qf6 6. O-O h5 7. d4 O-O-O 8. h4
Qg6 9. Nbc3 Qh7 10. e5 f6 11. Be4 f5 12. Bg2 Be7 13. f4 Nh6 14. Be3 d6 15. Qa4
Ng4 16. Bxc6 Nxe3 17. Rf3 Ng4 18. d5 a6 19. Bxb7+ Kxb7 20. Qc6+ Kb8 21. Nb5 Rc8
22. Ra3 Qh6 23. Rxa6 Qxf4 24. Ra8# 1-0

[Event "Wellington Club Championship - B Grade"]
[Site "Wellington Chess Club"]
[Date "2024.10.03"]
[Round "2.2"]
[White "Keith, Matthew"]
[Black "Benitez, Edgar"]
[Result "1/2-1/2"]
[WhiteElo "1830"]
[BlackElo "1862"]
[WhiteFideId "4320913"]
[BlackFideId "4301315"]
[PlyCount "0"]
[EventDate "2024.09.26"]
[SourceDate ""]

1. e4 d5 2. exd5 Nf6 3. Bb5+ Bd7 4. Bxd7+ Qxd7 5. d4 Nxd5 6. c4 Nf6 7. Nf3 e6
8. O-O Nc6 9. Bf4 O-O-O 10. Nc3 Bd6 11. Bxd6 Qxd6 12. Qa4 Qb4 13. Qxb4 Nxb4 14.
Ne5 Rhf8 15. Rad1 c6 16. a3 Na6 17. c5 Nc7 18. Nc4 Nce8 19. f3 Kc7 20. Ne4 Nd5
21. Rfe1 h6 22. b4 a6 23. g3 Ndf6 24. Kg2 Nd5 25. Rb1 Ndf6 26. Red1 Nd5 27. Rb3
Ndf6 28. a4 Nd5 29. Kf2 Ra8 30. Rdb1 f5 31. Ned6 Nxd6 32. Nxd6 Rfb8 33. Re1 Kd7
34. h4 b6 35. Reb1 b5 36. a5 Rf8 37. f4 Rf6 38. Kf3 Rg8 39. R3b2 h5 40. Re1
Rgf8 1/2-1/2

[Event "Wellington Club Championship - B Grade"]
[Site "Wellington Chess Club"]
[Date "2024.10.03"]
[Round "2.3"]
[White "Aldridge, Alan L"]
[Black "Sethuramalingam, Karthik"]
[Result "0-1"]
[WhiteElo "1822"]
[BlackElo "1871"]
[WhiteFideId "4301528"]
[BlackFideId "4320964"]
[PlyCount "0"]
[EventDate "2024.09.26"]
[SourceDate ""]

1. e4 c5 2. Nf3 d6 3. d4 cxd4 4. Nxd4 Nf6 5. Nc3 g6 6. Be2 { This move is not
critical and doesn't pose as much of a threat to black as the Yugoslav attack.
} 6... Bg7 7. O-O O-O { 1:28 I thought white was going for f4. } 8. Bg5 { 1:27
I thought this move doesn't make sense but it is the most played move in the
master's database. I thought I had equalised here }  (8. f4 Nc6) 8... Nc6 { I
thought White would go f4 still. } 9. Nxc6 { 1:22 } 9... bxc6 { I have a nice
pawn structure and the b-file is open to put pressure on white's queenside. } 
10. Qd2 Rb8 { 1:21 I was debating whether Rb8 or Qb6 but I thought Rb8 was
better because the Queen had the option of going to a5 in the future and I
couldn't find a good response to 10. Qb6 11.Na4 }  (10... Qb6 11. Na4) 11. Rab1
{ I thought this was the only move. }  (11. b3 Nxe4 12. Nxe4 Bxa1 13. Rxa1 { I
thought I was winning here but I didn't realise that White gets 2 pieces for
the rook. } ) 11... Be6 { 1:17 I thought I was just better here because my
pieces are just better and I wanted to play c5 maybe and get a really nice
bind. Qa5 and doubling the rooks was another idea. The engine says equal but I
think black has the chances in this position. } 12. Bh6 { 1:20 I knew that in
some other line black actually takes the bishop and the endgame is good. So I
did decide to take the bishop. It is going to be traded anyway. and if I take,
I force the queen out of the center which is good. } 12... Bxh6 13. Qxh6 Qa5 {
1:11 }  (13... d5 { Engine likes this line best but I didn't even consider it.
} 14. e5 Nd7 15. f4 Nc5) 14. a3 { b4 in the future? } 14... Rb7 { 1:09 debating
about Rb7 or Rb6 but Rb7 is just better because the Queen can come back and the
rook won't be hit by Na4 in the future. } 15. Bf3 $6 { Inaccuracy. Qc1 was
best.   1:12 Planning e4 maybe?? But it doesn't do anything. }  (15. Qc1 Qb6) 
15... Rfb8 { 1:06 } 16. Qc1 { I missed this move but it doesn't really matter
too much. } 16... Bg4 { 51 I had a big think here about either Qe5, Qc5 or this
move. I thought he had to take here and I thought the endgame was so much
better for me as my rooks were really nice. }  (16... Qe5 { This move looks
good, but I didn't really see the point of this move. The engine wants me to
play this before Bg4. } 17. Re1 Bg4)  (16... Qc5 17. Re1 { Same thing here; I
didn't really see the point. } ) 17. e5 { 1:01 I didn't see the point of this
move as he is trading a central pawn for a flank pawn and opening up the c-file
for me. } 17... Qxe5 { 43 } 18. Bxc6 Rc7 { 38 I was thinking either Rc7 or Rb6.
Rb6 didn't really make sense anymore because after Ba4, the bishop can just go
to b3 and block the rooks. I thought it was now time to switch gears and go for
the c-file now. } 19. Re1 { 53 } 19... Qc5 { 30 } 20. Be4 { 50 I was really
surprised by this move because I thought he had to go Ba4 and keep his bishop.
My rooks are already great; surely bishop for knight is good here. } 20... Nxe4
{ 28 } 21. Rxe4 Bf5 { 25 } 22. Rb4 { 46 } 22... Rxb4 23. axb4 { The idea is
that if I take on b4, Nd5 is a fork. But I can just chill and wait to take that
weak b4 pawn. } 23... Qc4 { 24 Lots of ideas to win back the pawn } 24. Ra1 $6
{ Inaccuracy. h3 was best.   44 }  (24. h3 d5 25. g4 Bc8 26. Qf1 Bb7 27. Ra1 d4
28. Qxc4 Rxc4 29. Ne2 Bf3) 24... d5 { 23 } 25. f3 Qxb4 { 18 } 26. Ra4 $2 {
Mistake. Kh1 was best.   14 My opponent had a long think here }  (26. Nxd5 Qd4+
27. Ne3 Rxc2 28. Qe1 Rxb2 $19)  (26. Kh1 Qb7 27. Ra4 Rd7 28. Rd4 h5 29. Rd2 h4
30. Nd1 d4 31. h3 Qc6) 26... Qc5+ { 15 } 27. Kh1 (27. Kf1 d4 28. Ne4 Qb5+) 
27... d4 { 14 } 28. Ne4 Bxe4 29. fxe4 Qxc2 30. Qxc2 Rxc2 31. Kg1 d3 32. Kf1 $6
{ Inaccuracy. Rd4 was best. }  (32. Rd4 d2 33. Kf1 Rxb2 34. e5 e6 35. g3 Rb5
36. Ke2 d1=Q+ 37. Rxd1 Rxe5+) 32... Rc1+ { 0-1 White resigns } 0-1

[Event "Wellington Club Championship - B Grade"]
[Site "Wellington Chess Club"]
[Date "2024.10.03"]
[Round "2.4"]
[White "Winsley, Daniel"]
[Black "Ulm, Joy"]
[Result "1-0"]
[WhiteElo "1781"]
[BlackElo "1890"]
[WhiteFideId "4315138"]
[BlackFideId "4321081"]
[PlyCount "0"]
[EventDate "2024.09.26"]
[SourceDate ""]

1. e4 e5 2. Nf3 Nc6 3. Bb5 f5 4. d3 fxe4 5. dxe4 Nf6 6. O-O d6 7. Nc3 Be6 8.
Be3 Be7 9. Ng5 Bg8 10. f4 h6 11. Nf3 exf4 12. Bxf4 Bh7 13. e5 Ne4 14. Nd5 O-O
15. Nd4 Nxd4 16. Qxd4 dxe5 17. Nxe7+ Qxe7 18. Qxe5 Qxe5 19. Bxe5 c6 20. Bd3
Rad8 21. Rxf8+ Rxf8 22. Rd1 Re8 23. Bc4+ Kh8 24. Rd7 Rxe5 25. Rd8+ Bg8 26. Bxg8
Nf6 27. Bc4+ Re8 28. Rxe8+ Nxe8 29. Kf2 Nd6 30. Bd3 Kg8 31. Ke3 Kf8 32. Kd4 b6
33. Ke5 Ke7 34. b4 Kd7 35. c4 Nf7+ 36. Kf5 Kd6 37. Be4 Ng5 38. Bf3 Nxf3 39.
gxf3 Ke7 40. Kg6 Kf8 41. a4 a5 42. b5 c5 43. h4 Kg8 44. h5 Kf8 45. f4 Kg8 46.
f5 Kf8 47. f6 gxf6 48. Kxf6 Ke8 49. Kg6 Ke7 50. Kxh6 Kf6 51. Kh7 Ke5 52. Kg6
Kd4 53. h6 Kxc4 54. h7 Kb4 55. h8=Q Kxa4 56. Qe8 c4 57. Qc6 Kb3 58. Qxb6 a4 59.
Qe3+ Kb2 60. b6 a3 61. b7 1-0

[Event "Wellington Club Championship - B Grade"]
[Site "Wellington Chess Club"]
[Date "2024.10.03"]
[Round "2.5"]
[White "Jackson, L Ross"]
[Black "Tanoi, T Edward"]
[Result "0-1"]
[WhiteElo "1942"]
[BlackElo "1917"]
[PlyCount "40"]
[EventDate "2024.09.26"]

1. d4 d5 2. c4 dxc4 3. Nf3 Nf6 4. e3 e6 5. Bxc4 c5 6. O-O a6 7. Nc3 Nbd7 8. a4
b6 9. Qe2 Bb7 10. Rd1 Be7 11. dxc5 Bxc5 12. Rb1 Qe7 13. h3 O-O 14. e4 Bb4 15.
e5 Bxc3 16. bxc3 Bxf3 17. gxf3 Nd5 18. Bxd5 exd5 19. Rxd5 Qe6 20. c4 Qg6+ 0-1

[Event "Wellington Club Championship - B Grade"]
[Site "Wellington Chess Club"]
[Date "2024.10.10"]
[Round "3.1"]
[White "Tanoi, T Edward"]
[Black "Chang, Luke"]
[Result "0-1"]
[WhiteElo "1917"]
[BlackElo "1930"]
[WhiteFideId "4302087"]
[BlackFideId "4325605"]
[PlyCount "0"]
[EventDate "2024.09.26"]
[SourceDate ""]

1. d4 d5 2. c4 c6 3. Nc3 Nf6 4. cxd5 cxd5 5. Bf4 Nc6 6. e3 Bg4 7. f3 Bc8 $2 {
Mistake. Bd7 was best.   A mistake here. After Nb5, it would've been
unstoppable to lose a piece. The reason I played this move was 1. I thought
that b7 would be my biggest weakness and I wanted to defend them 2. I
completely missed Nb5 here (Which I realised right after I played Bc8). 3. I
hated the Bh5 line. }  (7... Bh5 8. g4 Bg6 { This line. White took a huge
centre and kingside. Even so, it's still playable, and I believe there are some
counterplays for black, but I wanted to avoid this sketch variation. } ) 8. Rc1
{ Inaccuracy. Nb5 was best. } 8... e6 9. a3 $6 { Also a bit mysterious in my
opinion. I thought that 9.Bd3 would be natural, and if 9...Nb4, then just
10.Bb1 with better-placed pieces. }  (9. Bd3 Bd6 10. Nge2) 9... Bd6 10. Nge2 {
This is why a3 seems a bit mysterious. The knight moved to e2 to avoid taking
black's bishop and to take back with the knight, keeping the pawn structure.
However, black can also delay taking on f4, but white can't. He would have to
take his light square bishop out at one stage, but the knight on e2 blocks. } 
10... O-O 11. g4 Re8 { As white was looking for a kingside push, I thought I
should counter with a centre pawn break on e5. But I thought e5 right away was
not very tempting. }  (11... e5 12. dxe5 Nxe5 13. Nd4 { Maybe this is a fine
position for black. I evaluated this position that white is standing slightly
better due to IQP and well-placed white knights, but Stockfish disagrees with
me. } ) 12. Kf2 (12. h4 e5 13. dxe5 Nxe5 14. Nd4 Nexg4 { This was the purpose
of Re8. } )  (12. g5 Bxf4) 12... Bxf4 { I was only evaluating and examining
about the position after Nxf4. } 13. exf4 { I was not expecting this. But this
looks like an option for white. }  (13. Nxf4 g5 14. Nd3 e5 15. dxe5 Nxe5 16.
Nxe5 Rxe5 17. Qd4 Qe7 18. Bd3 { I was expecting this to come out, and I thought
that this would still be better than what I was expecting to happen if I let
kingside pawn push. But as Stockfish disagrees, I guess I miss evaluated this
too.   [%csl Gc6][%cal Gc8d7,Gd7c6] } ) 13... h5 { Trying to lock everything on
the kingside as white is trying kingside attacks. I thought that once I clamped
the kingside pawn structure, it would be battle in the queenside and I thought
I would stand better than I am at the kingside. } 14. g5 { If gxh5, it's better
position after Nxh5. }  (14. gxh5 Nxh5)  (14. h3 h4) 14... Nh7 $6 { Probably
Nd7 is better. As I was going to clamp down the kingside, it's preferable to
place my knight on d7 so I could look for some queenside manoeuvre. But the
thing is... I just forgotten. I had Nd7 in my mind and I concluded that Nd7 is
the best but I just played Nh7 mindlessly. } 15. h4 g6 16. Ng3 $4 { A blunder
losing his advantage. } 16... Qb6 17. Bb5 (17. Qd2 { Apparently it's still
playable after Qd2. } 17... Nxd4 $4 (17... Qxd4+ 18. Qxd4 Nxd4 19. Nb5 Nxb5 20.
Bxb5 Rd8 21. Rc7 { Still this seems slightly winning for black. } 21... Nf8) 
18. Na4 $1 { losing a piece } ) 17... Nxd4 $3 18. Bxe8 $4 (18. Na4 Qxb5 19.
Qxd4 Bd7 20. Nc5 { Black still seems fine here. } ) 18... Nf5+ $1 19. Ke1 (19.
Ke2 Nxg3+ 20. Kd2 Nxh1 21. Qxh1 e5)  (19. Kg2 Ne3+ 20. Kh2 (20. Kh3 Nxd1 21.
Rhxd1 e5+ 22. Kg2) 20... Nxd1 21. Rhxd1 Qf2+ 22. Kh3 e5+)  (19. Kf1 Ne3+ 20.
Ke2 Nxd1 21. Rhxd1) 19... Nxg3 20. Qd2 { Any of the rook moves don't save him.
}  (20. Rf1 Qe3+ 21. Ne2 Nxe2 22. Qxe2 Qxc1+)  (20. Rh2 Qg1+ 21. Kd2 Qxh2+)  (
20. Rh3 Qe3+ 21. Ne2 Nxe2 22. Qxe2 Qxc1+)  (20. Rg1 Qxg1+) 20... Nxh1 21. Qg2
Qe3+ 22. Ne2 d4 { Threatening d3, as well as stopping Rc3. } 23. Qg1 Qxg1+ 24.
Nxg1 Ng3 $6 { Now I'm just piece up with passed pawn. }  (24... e5 25. Bb5 Ng3
26. fxe5 Nf5 27. Kf2 Be6 28. Bd3 Nxh4 29. Rc7 Bf5 30. Bxf5) 25. Rc7 Nf8 26.
Bxf7+ Kh8 27. Be8 $1 { an important move to delay losing. This move stops Bd7
and b6 } 27... d3 (27... b6 28. Bc6 Rb8 29. Rxa7) 28. Kd2 $6 Bd7 $4 { I don't
know... I just completely forgot something very important } 29. Bxd7 Rd8 (29...
Nf1+ { my idea was this. } 30. Ke1 (30. Kd1 Rd8 31. Ba4 { But what I missed was
that the king doesn't have to go to d2, instead it can go to d1. and yea... I
just blundered a piece and this is slightly losing for me. } ) 30... d2+ 31.
Kd1 Rd8 32. Ba4 Ne3+ 33. Ke2 d1=Q+ 34. Bxd1 Nxd1 { I thought this was a fairly
equal trade as I traded my useless bishop and annoying white's bishop. } ) 30.
Ba4 Nf1+ 31. Ke1 Ne3 32. Kf2 Nf5 33. Rxb7 { Now my queenside collapses. } 33...
d2 34. Bd1 $6 { A bit curious move, as Ke2 seems very natural }  (34. Ke2 Rd4
35. Rb4 Rd8) 34... Nd7 { Here's the problem of Bd1. Now my Knight can be
involved to help the pawn to advance. } 35. b4 { stopping Nc5 } 35... Nb6 { Now
going for Nc4   [%csl Gc4][%cal Gb6c4] } 36. Rxa7 $2 (36. Rc7 { After the game,
When me and Tanoi analysed this position, we found that Rc7, blocking Nc4 still
doesn't save him } 36... Nd5 37. Rc6 Nde3) 36... Nc4 37. Ne2 Nb2 { I was
examining the following moves as well. }  (37... Nce3 38. Nc3 Rd3 39. Ke2 Rxc3
40. Kxd2 Nxd1 41. Kxd1 { This looks tempting. But I wasn't sure I can stop
these pawns in time. } )  (37... Nfe3 38. Nc3 Rd3 { As well as this. But I
concluded that Nb2 is the most clearest. } 39. Ke2 Rxc3) 38. Nc3 Rd3 (38... Rc8
39. Ne4 $5 Nxd1+ 40. Ke2 { Now it's curious whether black can defend the mating
threat as well as the pawns. } ) 39. b5 (39. Rc7 $4 Rxc3 40. Rxc3 Nxd1+ 41. Ke2
Nxc3+ { with 2 knights, black easily can defend 2 pawns. } )  (39. Ne4 Nxd1+
40. Ke2 Nb2 41. Nxd2 Re3+ 42. Kf1 Nd3 { with some mating threats } ) 39... Rxc3
40. b6 $6 Nxd1+ 41. Ke2 $4 { [#-9]   Checkmate is now unavoidable. Kg1 was
best. }  (41. Kg1 Nd6) 41... Rc2 $1 { [#-8]   Another important move, I think.
I thought that I'd be too late to defend the b pawn without any material
sacrifice and I thought that it was simpler to have a queen. } 42. Kd3 { [#-23]
}  (42. Kxd1 Ne3+ 43. Ke2 d1=Q+)  (42. b7 Nc3+ { and anywhere the king goes, I
promote with check } ) 42... Nf2+ 43. Kxc2 d1=Q+ 44. Kc3 $2 { [#-6]   Checkmate
is now unavoidable. Kb2 was best. }  (44. Kb2 Nd3+ 45. Kc3 Qc1+ 46. Kxd3 Qe3+
47. Kc4 Nd6+ 48. Kb4 Qxb6+ 49. Kc3 Qxa7) 44... Qd4+ { [#-7]   And white
resigned here. Overall I think this game was not very well played by me. During
this annotating process, I found out that I missed evaluating many positions
and made horrible blunders. } 0-1

[Event "Wellington Club Championship - B Grade"]
[Site "Wellington Chess Club"]
[Date "2024.10.10"]
[Round "3.2"]
[White "Ulm, Joy"]
[Black "Jackson, L Ross"]
[Result "1/2-1/2"]
[WhiteElo "1890"]
[BlackElo "1942"]
[WhiteFideId "4321081"]
[BlackFideId "4301501"]
[PlyCount "0"]
[EventDate "2024.09.26"]
[SourceDate ""]

1. d4 Nf6 2. c4 e6 3. Nc3 d5 4. cxd5 exd5 5. Bg5 c6 6. e3 Bd6 7. Bd3 Nbd7 8.
Qc2 Qc7 9. Nge2 h6 10. Bh4 a6 11. O-O Bxh2+ 12. Kh1 g5 13. f4 gxh4 14. Kxh2
Ng4+ 15. Kg1 Qd8 16. Rf3 Nb6 17. b3 Nf6 18. Bf5 Qe7 19. Bxc8 Nxc8 20. Nc1 Ne4
21. Nxe4 dxe4 22. Rh3 Nd6 23. Qe2 h5 24. Qf2 Nf5 25. Ne2 O-O-O 26. Nc3 Kb8 27.
Qc2 Ng3 28. Ne2 Rdg8 29. Kh2 Rg4 30. Nxg3 hxg3+ 31. Rxg3 f5 32. Rc1 Rhg8 33.
Rxg4 fxg4 34. g3 h4 35. Qc5 Qh7 36. Qe5+ Ka8 37. Rh1 Rh8 38. Kg2 h3+ 1/2-1/2

[Event "Wellington Club Championship - B Grade"]
[Site "Wellington Chess Club"]
[Date "2024.10.10"]
[Round "3.3"]
[White "Sethuramalingam, Karthik"]
[Black "Winsley, Daniel"]
[Result "1-0"]
[WhiteElo "1871"]
[BlackElo "1781"]
[WhiteFideId "4320964"]
[BlackFideId "4315138"]
[PlyCount "0"]
[EventDate "2024.09.26"]
[SourceDate ""]

1. d4 e6 2. c4 d5 3. Nf3 Nf6 4. g3 Be7 5. Bg2 O-O 6. O-O c6 7. Qc2 b6 8. Nbd2
Bb7 9. e4 dxe4 $6 { Inaccuracy. Na6 was best. }  (9... Na6) 10. Nxe4 c5 $4 {
Blunder. Nxe4 was best. }  (10... Nxe4 11. Qxe4) 11. Nxf6+ Bxf6 12. Ng5 Bxg5
13. Bxb7 Bxc1 14. Bxa8 Bg5 15. Be4 f5 16. Bg2 cxd4 17. Rad1 e5 18. Bd5+ Kh8 19.
Rfe1 Nd7 20. Be6 Nc5 21. Bxf5 Qf6 $6 { Inaccuracy. g6 was best. }  (21... g6
22. Bd3 Qf6 23. a3 a5 24. b4 Na4 25. Be4 Nc3 26. bxa5 bxa5 27. h4) 22. Bxh7 1-0

[Event "Wellington Club Championship - B Grade"]
[Site "Wellington Chess Club"]
[Date "2024.10.10"]
[Round "3.4"]
[White "Benitez, Edgar"]
[Black "Aldridge, Alan L"]
[Result "1/2-1/2"]
[WhiteElo "1862"]
[BlackElo "1822"]
[WhiteFideId "4301315"]
[BlackFideId "4301528"]
[PlyCount "0"]
[EventDate "2024.09.26"]
[SourceDate ""]

1. e4 e5 2. Bc4 Nf6 3. Nc3 Bc5 4. d3 d6 5. h3 a6 6. Nf3 Nc6 7. Bg5 h6 8. Bh4
Ne7 9. Qd2 Ng6 10. Bxf6 Qxf6 11. Nd5 Qd8 12. O-O-O c6 13. Ne3 b5 14. Bb3 a5 15.
a4 Qb6 16. d4 exd4 17. Nxd4 O-O 18. Nef5 Rb8 19. c3 bxa4 20. Bxa4 Ne5 21. Ne3
Nd3+ 22. Kc2 Nxb2 23. Rb1 Ba6 24. Rhd1 Bxd4 25. Qxd4 Qxd4 26. Rxd4 c5 27. Rxd6
Nxa4 28. Rxb8 Rxb8 29. Rxa6 Rb2+ 30. Kd3 Rxf2 31. e5 Nb2+ 32. Ke4 a4 33. Ra8+
Kh7 34. Ra7 Kg6 35. Ra6+ Kg5 36. Ra7 g6 37. Ng4 Rf1 38. Nf6 Nd1 39. Rxf7 Re1+
40. Kd5 a3 41. Ne4+ Kh5 42. e6 a2 43. Ra7 Ne3+ 44. Ke5 a1=Q 45. Rxa1 Rxa1 46.
e7 Ra8 47. Nf6+ Kh4 48. e8=Q Rxe8+ 49. Nxe8 Kg3 50. Kf6 Kxg2 51. Kxg6 Kxh3
1/2-1/2

[Event "Wellington Club Championship - B Grade"]
[Site "Wellington Chess Club"]
[Date "2024.10.24"]
[Round "3.5"]
[White "Malcolm, Aidan"]
[Black "Keith, Matthew"]
[Result "1/2-1/2"]
[WhiteElo "1859"]
[BlackElo "1830"]

1. e4 c5 2. Nc3 Nc6 3. f4 g6 4. b3 Bg7 5. Bb2 e6 6. Qf3 Nge7 7. Qf2 d6 8. O-O-O
a6 9. g4 b5 10. f5 gxf5 11. gxf5 exf5 12. exf5 Bd4 13. Qf4 Bxf5 14. Bg2 Be6 15.
Ne4 Nd5 16. Nxd6+ Kd7 17. Bxd5 Bxd5 18. Ne4 Qe7 19. Re1 Bxb2+ 20. Kxb2 Qe5+ 21.
Qxe5 Nxe5 22. Nf6+ Ke6 23. Nxd5 Kxd5 24. Ne2 Rae8 25. Nf4+ Kd6 26. h3 Ng6 27.
Rxe8 Rxe8 28. Rf1 Nxf4 29. Rxf4 Re7 30. Rf6+ Kd5 31. Rxa6 f5 32. Rf6 Ke4 33.
d3+ Ke5 34. Rf8 Kf4 35. a4 bxa4 36. bxa4 Re5 37. Kc3 Ke3 38. a5 c4 39. a6 cxd3
40. cxd3 Ra5 41. a7 Rxa7 42. Rxf5 Rc7+ 43. Kb4 Kxd3 44. Rc5 Rb7+ 45. Rb5 Rxb5+
46. Kxb5 h5 47. h4 Kd4 48. Kb4 Ke4 49. Kc4 Kf4 50. Kd4 Kg3 51. Ke3 Kxh4 52. Kf2
Kh3 53. Kg1 h4 54. Kh1 Kg3 55. Kg1 h3 56. Kh1 h2 1/2-1/2

[Event "Wellington Club Championship - B Grade"]
[Site "Wellington Chess Club"]
[Date "2024.10.17"]
[Round "4.1"]
[White "Chang, Luke"]
[Black "Keith, Matthew"]
[Result "1-0"]
[WhiteElo "1930"]
[BlackElo "1830"]
[WhiteFideId "4325605"]
[BlackFideId "4320913"]
[PlyCount "0"]
[EventDate "2024.09.26"]
[SourceDate ""]

1. e4 c5 2. c4 Nc6 3. Nc3 g6 4. g3 Bg7 5. Bg2 d6 6. Nge2 e6 7. O-O Nge7 8. d3
a6 9. Be3 Nd4 10. Qd2 f5 11. Bh6 Bf6 12. Bg5 Bg7 13. Nxd4 cxd4 14. Ne2 h6 15.
Bxe7 Qxe7 16. exf5 gxf5 17. Nf4 Qg5 18. h4 Qf6 19. Rae1 O-O 20. Nxe6 Bxe6 21.
Rxe6 Qxe6 22. Bd5 Qxd5 23. cxd5 f4 24. g4 f3 25. Re1 Rf6 26. Re6 Raf8 27. Rxf6
Rxf6 28. Qe1 Rf4 29. Qe6+ Kh7 30. Kf1 Be5 31. Ke1 Kg7 32. Kd1 Rf6 33. Qc8 Rf7
34. Kc2 Bg3 35. g5 hxg5 36. hxg5 Bxf2 37. Qe6 Be3 38. Qh6+ Kg8 39. Qg6+ Kf8 40.
Qxd6+ Kg8 41. g6 Rf4 42. Qe7 Rg4 43. Qf7+ Kh8 1-0